| 000 | 00512nam a22001817a 4500 | ||
|---|---|---|---|
| 003 | OSt | ||
| 005 | 20250128133129.0 | ||
| 008 | 250128b |||||||| |||| 00| 0 eng d | ||
| 020 | _a0831793163 | ||
| 040 | _c975.3 | ||
| 082 | _a975.3 | ||
| 100 | _4Aylesworth, Thomas G | ||
| 245 |
_aWashington the nation's capital / _cThomas G.Aylesworth, Virginia L. Aylesworth |
||
| 260 |
_aNew York : _bGallery Books, _c1986. |
||
| 300 |
_a126 p. : _bill. ; _c32 cm. |
||
| 700 | _4Aylesworth, Virginia L. | ||
| 942 |
_2ddc _cBK |
||
| 999 |
_c20295 _d20293 |
||